| 000 | 00424cam a2200169 4500 | ||
|---|---|---|---|
| 001 | D13642 | ||
| 008 | 090401t1941 xxu||||| |||| 00| 0 eng d | ||
| 035 | _a(Sirsi) u10958 | ||
| 041 | _aeng | ||
| 100 | _aPotter, Harold | ||
| 245 | 4 | _aThe principles of land law under the Land Registration Act 1925 | |
| 260 |
_aLondon _bSweet & Maxwell _c1941 |
||
| 350 | _a0 | ||
| 520 | _aShelf 133 | ||
| 942 | _n0 | ||
| 948 | _c04/03/1997 | ||
| 999 |
_c86788 _d86788 |
||